Statistiken für Die teuersten Fußballtransfers - Portugiesische Fußballspieler

Klicken Sie hier um das Quiz zu spielen!

Allgemein

  • Dieses Quiz wurde 37 mal gespielt
  • Das Durchschnittsergebnis liegt bei 8 aus 10

Antwortstatistiken

Ablöse (M €)SaisonAbgebender VereinAufnehmender VereinSpieler% Korrekt
117,002018-2019Real MadridJuventus TurinCristiano Ronaldo
100%
94,002009-2010Manchester UnitedReal MadridCristiano Ronaldo
100%
127,202019-2020BenficaAtlético MadridJoão Félix
97%
60,002000-2001FC BarcelonaReal MadridLuís Figo
97%
71,602020-2021BenficaManchester CityRúben Dias
91%
65,002019-2020SportingManchester UnitedBruno Fernandes
81%
65,002019-2020Juventus TurinManchester CityJoão Cancelo
78%
62,002023-2024WolverhamptonManchester CityMatheus Nunes
63%
65,002023-2024BenficaParis SGGonçalo Ramos
59%
60,002023-2024FC PortoAl-NassrOtávio
22%

Verteilung der Resultate

Perzentil nach korrekt beantworteten Fragen

Anzahl Personen mit jedem Resultat

Ihre Resultats-Entwicklung

Sie haben dieses Quiz noch nicht gespielt